La filosofía positiva

Αποθηκεύτηκε σε:
Λεπτομέρειες βιβλιογραφικής εγγραφής
Κύριος συγγραφέας: Comte, Augusto
Μορφή: Βιβλίο
Γλώσσα:Spanish
Έκδοση: México, Distrito Federal Editorial Porrúa 1979
Θέματα:
Ετικέτες: Προσθήκη ετικέτας
Δεν υπάρχουν, Καταχωρήστε ετικέτα πρώτοι!

MARC

LEADER 00000nam a2200000Ia 4500
008 170316s9999 xx 000 0 spa d
040 |a cru BVZT 
090 |a 100 C-35f 
100 |a Comte, Augusto 
245 |a La filosofía positiva  |c Augusto Comte 
260 |a México, Distrito Federal 
260 |b Editorial Porrúa 
260 |c 1979 
300 |a 303 páginas 
650 |a FILOSOFÍA  |9 5 
650 |a FILOSOFÍA POSITIVA - AUGUSTO COMTE 
650 |a ISIDORO AUGUSTO MARIA FRANCISCO COMTE 
650 |a POLÍTICA POSITIVA  
650 |a TRATADO DE SOCIOLOGÍA  
999 |c 15917  |d 15917 
942 |c 15 D  |h 100 C-35f  |2 z